The Norton anthology of American literature / (رقم التسجيلة. 35410)
[ عرض عادي ]
| 000 -الفاتح | |
|---|---|
| حقل البيانات ثابتة الطول | 01114cam a2200313 a 4500 |
| 001 - رقم الضبط | |
| رقم الضبط | 17447636 |
| 003 - محدد رقم الضبط | |
| رقم الضبط | OSt |
| 005 - وقت وتاريخ اخر تعامل مع التسجيلة | |
| رقم الضبط | 20150408114221.0 |
| 008 - عناصر البيانات ثابتة الطول - معلومات عامة | |
| حقل البيانات ثابتة الطول | 120830s2012 nyuab b 001 0 eng |
| 010 ## - رقم ضبط مكتبة الكونجرس | |
| رقم ضبط مكتبة الكونجرس | 2012034466 |
| 020 ## - الرقم الدولى المعيارى للكتب | |
| الرقم الدولى المعيارى للكتاب | 9780393918854 (pbk.) |
| 040 ## - مصدر الفهرسة | |
| وكالة الفهرسة الأصلية | DLC |
| وكالة النسخ | DLC |
| وكالة التعديل | DLC |
| 042 ## - رمز التحقق | |
| رمز التحقق | pcc |
| 043 ## - رمز المنطقة الجغرافية | |
| رمز المنطقة الجغرافية | n-us--- |
| 050 00 - رقم طلب مكتبة الكونجرس | |
| رقم التصنيف | PS507 |
| رقم المادة | .N65 2013 |
| 082 00 - رقم تصنيف ديوى العشرى | |
| رقم التصنيف | 810.8 |
| رقم الطبعة | 23 |
| 245 04 - بيان العنوان | |
| العنوان | The Norton anthology of American literature / |
| بيان المسئوليه,etc | Nina Baym, general editor ; Robert S. Levine, associate general editor. |
| 250 ## - بيان الطبعة | |
| بيان الطبعة | Shorter 8th ed. |
| 260 ## - PUBLICATION, DISTRIBUTION, ETC. (IMPRINT) | |
| مكان الناشر او الموزع | New York : |
| اسم الناشر او الموزع | W.W. Norton & Co., |
| تاريخ النشر أو التوزيع | c2013. |
| 300 ## - الوصف المادى | |
| التعداد | xxxviii, 2857 [83] p. : |
| تفاصيل ماديه اخرى للوعاء | col. ill., col. map ; |
| أبعاد الوعاء | 24 cm. |
| 504 ## - تبصرة ببليوجرافية | |
| تبصرة ببليوجرافية,الخ | Includes bibliographical references and index. |
| 650 #0 - المدخل الاضافى بالموضوع-مصطلح موضوعى | |
| مصطلح موضوعي أو اسم جغرافي كعنصر مدخل | American literature. |
| 651 #0 - المدخل الاضافى بالموضوع - اسم جغرافى | |
| الاسم الجغرافي | United States |
| التقسيم الفرعي الشكلي | Literary collections. |
| 9 (RLIN) | 45961 |
| 700 1# - المدخل الاضافى - اسم شخصى | |
| الإسم الشخصى | Baym, Nina. |
| 9 (RLIN) | 45962 |
| 700 1# - المدخل الاضافى - اسم شخصى | |
| الإسم الشخصى | Levine, Robert S. |
| الشكل الأكمل للاسم | (Robert Steven), |
| التواريخ المصاحبة للاسم | 1953- |
| 9 (RLIN) | 45963 |
| 906 ## - عنصر بيانات محلى F, LDF (RLIN) | |
| a | 7 |
| b | cbc |
| c | orignew |
| d | 1 |
| e | ecip |
| f | 20 |
| g | y-gencatlg |
| 942 ## - عناصر المدخل الإضافي( كوها) | |
| مصدر التصنيف او مخطط الترفيف | Dewey Decimal Classification |
| Koha [default] item type | كتاب |
لا توجد مواد متاحة.
